000
00502nam a2200169Ia 4500
008
090711s9999 xx 000 0 und d
082
_b
16220
100
_a
जहागीरदार गजानन
245
_a
सं. वाघदरी
260
_c
1964
300
_a
66
600
_a
जहागीरदार गजानन
630
_a
सं. वाघदरी
700
_a
जहागीरदार गजानन
730
_a
सं. वाघदरी
942
_c
BOOK
999
_c
304848
_d
304848